00000000nam 2200000zi 4500
0019.936540
003CaOODSP
00520250109083805
006m     o  d f      
007cr |n|||||||||
008240321s1991    onc     o    f|0| 0 eng d
040 |aCaOODSP|beng|erda|cCaOODSP
043 |an-cn---
0861 |aEn4-697/1991E-PDF
24500|aEnvironmental Technology Commercialization Program : |btechnology for environmental solutions.
264 1|a[Ottawa] : |bEnvironment Canada, Industry, Science and Technology Canada, National Research Council = Environnement Canada, Industrie, Sciences et Technologie Canada, Conseil national de recherches Canada, |c[1991]
300 |a1 online resource (12 pages)
336 |atext|btxt|2rdacontent
337 |acomputer|bc|2rdamedia
338 |aonline resource|bcr|2rdacarrier
500 |aDigitized edition from print [produced by Environment and Climate Change Canada].
520 |a"This brochure presents an overview of the Environmental Technology Commercialization Program, which forms an important element of the Technology for Environmental Solutions Initiative"--page 2.
650 0|aEnvironmental protection|xTechnological innovations|zCanada.
650 0|aTechnology and state|zCanada.
650 6|aEnvironnement|xProtection|xInnovations|zCanada.
650 6|aPolitique scientifique et technique|zCanada.
7101 |aCanada. |bEnvironment Canada, |eissuing body.
7101 |aCanada. |bIndustry, Science and Technology Canada, |eissuing body.
7102 |aNational Research Council Canada, |eissuing body.
85640|qPDF|s5.44 MB|uhttps://publications.gc.ca/collections/collection_2025/eccc/en4/En4-697-1991-eng.pdf